000 00784nas a2200277 4500
001 BR0102497
003 BR-BrBNA
005 20231205102242.0
007 ta
008 230509b bl.|||p| |||| 00| 00por d
040 _aBR-BrBNA
_bpor
_cBiblioteca Nacional de Agricultura
041 _a(Pt)
072 _aL73; L70
100 1 _aRodrigues, C.A.
100 1 _aLuvizotto, M.C.R.
245 1 _aZigomicose e pitiose cutanea em equinos: diagnostico e tratamento
650 _aEquino
650 _aFicomicose
650 _aLesao
650 _aPele
650 _aDiagnostico
650 _aCirurgia
773 0 _tRevista de Educacao Continuada (Brazil)
_xISSN 1516-3326
_g(2000), v. 3(3) p. 3-11
_wBR0102497
909 _a202311
_bLúcia
_c55
_dLúcia Elande
942 _2AGRIS
_n0
_cANA
999 _c166573
_d166573